000 00512nam a2200181Ia 4500
003 LK-CoDNM
008 010623t1899 xxu||||| |||| 00| 1 eng d
040 _aLK-CoDNM
_dLK-CoDNM
_eLK-CoDNM
041 _aeng
080 _a9 S 12
100 _aLegge,James.
_eed.
245 _aSacred Books of the East : Sacred Books of the China,The Texts of Confucianism
260 _bOxford
_aLondon
_c1899
300 _bxxi,448p., 22 cm
700 _aMuller,F.Max
700 _aVarious Oriental Scholars.
_eed.
942 _cBK
999 _c84778
_d84778